| 000 | 01663cam a2200313 i 4500 | ||
|---|---|---|---|
| 003 | SA-RiAUC | ||
| 005 | 20260119143138.0 | ||
| 008 | 260108q19001999ua g 000r0 ara c | ||
| 040 |
_aSA-RiAUC _bara _cSA-RiAUC _erda |
||
| 082 | 0 | 4 | _a252.5 |
| 090 |
_aم ن 252.5 _bن ش ي |
||
| 100 | 1 |
_aالنشيلي، أحمد بن محمد. _eمؤلف. |
|
| 245 | 1 | 0 |
_aرفع الأستار عن دماء الحج والاعتمار على أبيات أبي الذبيح إسماعيل بن المقري / _cتأليف أحمد بن محمد النشيلي. وبهامشه شرح الأبيات المذكورة لعطية السلمي. |
| 264 | 1 |
_aالقاهرة : _bالمكتبة التجارية الكبرى، _c[بين 1900 و1999] |
|
| 300 |
_a15 صفحة ؛ _c27 سم |
||
| 336 |
_aنص _btxt _2rdacontent _3كتاب |
||
| 337 |
_aبدون وسيط _bn _2rdamedia |
||
| 338 |
_aمجلد _bnc _2rdacarrier |
||
| 650 | 7 |
_aالحج _2aucsh |
|
| 650 | 7 |
_aالعبادات (فقه إسلامي) _2aucsh |
|
| 650 | 7 |
_aالأماكن المقدسة الإسلامية _zالسعودية _2aucsh |
|
| 700 | 1 | 2 |
_aابن المقري، إسماعيل بن أبي بكر بن عبد الله، _d755-837 هجري |
| 700 | 1 | 2 |
_aالسلمي، عطية _tشرح أبيات أبي الذبيح إسماعيل بن المقري. |
| 740 | 0 | 2 | _aأبيات أبي الذبيح إسماعيل بن المقري. |
| 740 | 0 | 2 | _aشرح أبيات أبي الذبيح إسماعيل بن المقري. |
| 856 |
_uhttps://Dsdelta.aruc.org/xmlui/bitstream/handle/123456789/1632/8522.pdf _yDigital Copy |
||
| 942 |
_2ddc _cRBOOK COPY _n0 |
||
| 949 |
_aSA-JeALM _d260108 _umohamedma123 _n1 |
||
| 999 |
_c14116 _d14116 |
||